[Event "Stay Safe Play From Home 292"]
[Site "Emanuel Lasker Arena"]
[Date "2020.07.10"]
[Round "5"]
[White "Lamborghini"]
[Black "Mepe_Nika"]
[Result "0-1"]
[WhiteElo "2236"]
[BlackElo "2345"]
[Annotator "TA"]
[PlyCount "90"]
[EventDate "2020.07.10"]
[EventType "swiss (blitz)"]

{[%evp 13,90,15,7,-6,27,20,20,22,20,9,18,9,13,0,0,0,0,-86,17,0,0,-5,0,-34,50,61,78,77,93,84,100,89,166,160,156,167,243,231,287,14,218,-1538,681,658,575,290,283,279,632,622,591,328,1045,1042,988,1026,881,349,332,332,599,583,552,449,479,-5526,-5097,-29978,-29979,-29979,-29978,-29978,-29979,-29983,-29984,-29984,-29984,-29985,-29985]} 1. e4 g6 2. d4 Bg7 3. Nc3 d6 4. Be3 c6 5. Qd2 b5 6. a4 b4 7. Nd1 a5 8. f4 {[#] B06: Modern Defence.} Ba6 $146 ({Predecessor:} 8... Nf6 9. Nf2 O-O 10. Nf3 Qc7 11. Bd3 c5 12. c4 cxd4 13. Nxd4 Na6 14. Nb3 Bb7 15. O-O Rad8 {1-0 (62) Md,S (2224)-Ghosh,C (2140) Dhaka 2017}) 9. Bxa6 Nxa6 10. Nf3 {The position is equal.} Nf6 11. Nf2 O-O 12. O-O c5 13. dxc5 Nxc5 14. Bxc5 dxc5 15. Qe2 (15. g3 $11) 15... Qb6 (15... Nh5 $17 16. g3 Bxb2) 16. e5 Nd5 17. Qe4 $36 {[%mdl 2048] White is more active.} e6 18. Nd2 c4 (18... f5 $15 19. Qf3 c4 {[%mdl 64] Decoy} 20. Nxc4 Qd4) 19. Nxc4 $14 Qc5 20. b3 Rac8 21. Rae1 Nc3 22. Qf3 f6 (22... Qa7 $16) 23. exf6 $18 Bxf6 24. Kh1 e5 (24... Qd5 {was worth a try.}) 25. Nd3 ({Resist} 25. Nxe5 Qd5) 25... Qd4 {[#] And now ...e4 would win.} 26. fxe5 $2 ({White should play} 26. Ndxe5 $18 Bxe5 27. Rxe5) 26... Bxe5 $2 (26... Bh4 $1 $11 {and Black stays safe.} 27. Qh3 Bxe1 28. Rxe1 Ne4) 27. Qe2 $4 {[%mdl 8192]} (27. Qh3 $18 Bc7 28. Qe6+ Kh8 29. Nce5 Bxe5 30. Nxe5) 27... Bg7 $4 {[%mdl 8192]} (27... Nxe2 $19 28. Ndxe5 {[#]} Qh4 $1 {[%mdl 512]}) 28. Qe6+ Kh8 29. Rxf8+ Rxf8 30. h3 ({Not} 30. Nxa5 Ne4 $16) 30... Nd5 $2 (30... Rf6) 31. Nd6 {White wants to mate with Nf7+.} h6 32. Qxg6 {Hoping for Nf7+.} Ne3 $2 (32... Qf6 33. Qxf6 Bxf6) 33. Nf7+ Rxf7 34. Qxf7 Qe4 35. Rxe3 $2 (35. Re2) 35... Qxe3 36. Qf4 Qxf4 $2 (36... Qe7 {might work better.} 37. Qb8+ Kh7) 37. Nxf4 {[%mdl 4096] Endgame KB-KN} Kg8 38. Ng6 Kf7 39. Ne7 $4 {[%mdl 8192]} (39. Nh4 $18 Kf6 40. g4) 39... Kxe7 $19 {KB-KP} 40. g4 Ke6 {Black mates.} 41. Kg2 Ke5 42. Kf3 Kd4 43. h4 Kc3 44. g5 hxg5 45. h5 Kxc2 {Quite a comeback for Black. Accuracy: White = 52%, Black = 38%.} 0-1

[Event "Stay Safe Play From Home 292"]
[Site "Emanuel Lasker Arena"]
[Date "2020.07.10"]
[Round "5"]
[White "Bardellosport"]
[Black "Klasman"]
[Result "1-0"]
[WhiteElo "1940"]
[BlackElo "1383"]
[Annotator "TA"]
[PlyCount "61"]
[EventDate "2020.07.10"]
[EventType "swiss (blitz)"]

{[%evp 9,61,9,14,-12,1,-341,-342,-340,-335,-341,-313,-387,-347,-354,-294,-334,-320,-420,-410,-410,-383,-388,-387,-395,-377,-385,-328,-393,-387,-601,-611,-609,-585,-595,-576,-596,-595,-652,-630,-729,-717,-699,-522,-507,-420,-420,-389,-463,-245,-463,-435,-902,-892,-1272]} 1. d4 f5 2. e3 Nf6 3. f4 e6 4. Nf3 d5 5. Bd3 c5 6. c3 {A80: Dutch Defence: Unusual White second moves.} c4 {[#]} 7. Qe2 $146 {[%mdl 8192] [#]} (7. Be2 $11 {and White is okay.}) ({Predecessor:} 7. Bc2 Nc6 8. O-O Bd6 9. Ne5 Bd7 10. Nd2 O-O 11. Ndf3 Ne4 12. Nxc6 Bxc6 13. Ne5 {1-0 (54) Ferencak,J (1843)-Fenda,Z (1883) Slovakia 2019}) 7... cxd3 $19 8. Qxd3 {Black has a decisive advantage.} Ne4 9. Qe2 Nc6 10. Ne5 g6 11. O-O Qh4 12. g3 Qh3 13. Qg2 Qxg2+ 14. Kxg2 Bg7 15. Nd2 Nxe5 16. fxe5 Bd7 17. Nxe4 dxe4 18. Bd2 Bb5 19. b3 (19. Rfc1 $142) 19... Bxf1+ 20. Rxf1 Rc8 21. c4 Ke7 22. Bb4+ Kd7 23. Bd6 Rc6 24. c5 b6 25. b4 a5 26. b5 Rcc8 27. c6+ Ke8 28. a4 Kf7 (28... h5 $142 {Strongly threatening ...h4.} 29. h4 Bh6) 29. Rd1 $2 {[#]} (29. Rc1 {was the only defense.}) 29... Rhd8 30. d5 (30. Rc1 $142 Bf8 31. Bb8) 30... exd5 31. Rxd5 {[%mdl 32768] White got outplayed after the opening. Accuracy: White = 22%, Black = 61%. . Loss on time!?} 1-0

[Event "Stay Safe Play From Home 292"]
[Site "Emanuel Lasker Arena"]
[Date "2020.07.10"]
[Round "5"]
[White "Grazie"]
[Black "Haxhi Baha"]
[Result "1-0"]
[WhiteElo "1921"]
[BlackElo "1999"]
[Annotator "TA"]
[PlyCount "69"]
[EventDate "2020.07.10"]
[EventType "swiss (blitz)"]

{[%evp 11,69,11,14,0,13,12,22,10,13,0,32,19,35,-12,54,-60,-34,-70,-6,-98,-89,-123,-101,-107,-89,-132,-28,-65,-80,-66,-73,-72,480,-149,-77,-89,170,-251,-45,-43,312,205,316,3,396,392,1733,383,1448,928,29986,29987,29987,29987,29991,29992,29993,29992,29995,29996]} 1. d4 d5 2. c3 e6 3. g3 c5 4. Bg2 cxd4 5. cxd4 Nc6 6. Nf3 Nf6 7. O-O {D13: Slav Defence: Exchange variation without ...Bf5.} Bd6 8. Bg5 h6 9. Bxf6 {The position is equal.} Qxf6 10. e3 {[#]} h5 $146 ({Predecessor:} 10... O-O 11. Nbd2 Re8 12. Nb3 e5 13. dxe5 Nxe5 14. Nxe5 Bxe5 15. Nd4 Bxd4 16. Qxd4 Qxd4 17. exd4 {1-0 (79) Anghel,I (1481)-Creanga,R (1276) Calimanesti 2014}) 11. Nbd2 g5 12. Re1 h4 (12... g4 $11 13. Nh4 O-O) 13. Nf1 (13. e4 $1 $14 Be7 14. Ne5) 13... hxg3 14. hxg3 Bd7 ({Black should play} 14... Qg6 $15) 15. a3 (15. e4 $11 dxe4 16. Rxe4) 15... O-O-O $17 16. Rc1 Kb8 17. b4 a6 18. Qb3 Rh6 (18... Qe7 $17 19. Re2 g4) 19. N3d2 Rdh8 20. b5 axb5 21. Qxb5 {aiming for Rb1.} g4 $2 {[%mdl 8192] [#]} ({But not} 21... Bxa3 $2 22. Rb1 $18) (21... Qd8 $17) 22. a4 $2 {[#]} (22. Rb1 $1 $18 {[%csl Gb1][%cal Rb5b7]} Kc8 23. Qxb7+ Kd8 24. Rec1) 22... Qe7 (22... Qd8 $142 $1 {White must now prevent ...Nb4.} 23. Qb3 f5) 23. a5 {Black should prevent a6.} Nxd4 $2 {[%mdl 8192]} (23... Na7 $17 {keeps the pressure on.} 24. Qb3 Nb5) 24. Qb2 $4 {[%mdl 8192]} (24. Qb6 $18 {was the only winning move.} Nc6 25. a6) 24... Nc6 $2 (24... Nb5 $19 {Hoping for ...f6.} 25. Qa2 f5) 25. a6 $1 $15 {[%csl Ga6][%cal Rb2b7]} Na5 $2 {[%mdl 8192]} (25... Nb4 $1 $15 {keeps the upper hand.} 26. axb7 Bc6) 26. axb7 Nxb7 (26... Bb4 {is a better defense.} 27. Ra1 e5) 27. e4 $2 $40 {[%mdl 128] White mounts an attack.} ({White should try} 27. Ra1 $18) 27... Bc5 $2 {[%mdl 8192]} (27... f5 $11 28. exd5 Qh7) 28. exd5 $18 exd5 $2 (28... Bxf2+ 29. Kxf2 Qf6+ 30. Qxf6 Rxf6+ 31. Kg1 exd5 32. Bxd5 Rc8) 29. Bxd5 $2 (29. Rxe7 Bxe7 30. Bxd5 {[%mdl 64] Double Attack}) 29... Bc6 $2 (29... Bxf2+ 30. Kxf2 Qf6+ 31. Qxf6 Rxf6+ 32. Kg1 Rb6) 30. Bxc6 Rxc6 31. Rxe7 {White mates.} Bxe7 32. Rxc6 Rd8 33. Nc4 Rd1 34. Qb3 Re1 35. Na5 {[%mdl 64] Discovered Attack. Accuracy: White = 33%, Black = 21%.} 1-0

[Event "Stay Safe Play From Home 292"]
[Site "Emanuel Lasker Arena"]
[Date "2020.07.10"]
[Round "5"]
[White "Greblah"]
[Black "Edmatuag"]
[Result "1-0"]
[WhiteElo "1887"]
[BlackElo "1642"]
[Annotator "NA RC"]
[PlyCount "71"]
[EventDate "2020.07.10"]
[EventType "swiss (blitz)"]

1. e4 {[%emt 0:00:01]} d6 {[%emt 0:00:01]} 2. d4 {[%emt 0:00:02]} g6 {[%emt 0:00:00]} 3. Nc3 {[%emt 0:00:01]} Bg7 {[%emt 0:00:00]} 4. Be3 {[%emt 0:00:00]} e5 {[%emt 0:00:01]} 5. dxe5 {[%emt 0:00:01]} Bxe5 {[%emt 0:00:01]} 6. f4 {[%emt 0:00:02]} Bxc3+ {[%emt 0:00:02]} 7. bxc3 {[%emt 0:00:02]} f6 {[%emt 0:00:01]} 8. Bd4 {[%emt 0:00:01]} Nd7 {[%emt 0:00:03]} 9. Nf3 {[%emt 0:00:01]} Nb6 {[%emt 0:00:03]} 10. Bd3 {[%emt 0:00:02]} Be6 {[%emt 0:00:01]} 11. O-O {[%emt 0:00:01]} c5 {[%emt 0:00:02]} 12. Bf2 {[%emt 0:00:02]} c4 {[%emt 0:00:01]} 13. Be2 {[%emt 0:00:01]} Nd7 {[%emt 0:00:01]} 14. Nd4 {[%emt 0:00:01]} Bf7 {[%emt 0:00:02]} 15. Nb5 {[%emt 0:00:01]} d5 {[%emt 0:00:06]} 16. Nd6+ {[%emt 0:00:01]} Kf8 {[%emt 0:00:02]} 17. Nxf7 {[%emt 0:00:01]} Kxf7 {[%emt 0:00:02]} 18. Qxd5+ {[%emt 0:00:00]} Kg7 {[%emt 0:00:01]} 19. Bxc4 {[%emt 0:00:01]} Nh6 {[%emt 0:00:03]} 20. f5 {[%emt 0:00:03]} Nb6 {[%emt 0:00:02]} 21. Qxd8 {[%emt 0:00:02]} Raxd8 {[%emt 0:00:01]} 22. Bxb6 {[%emt 0:00:03]} axb6 {[%emt 0:00:01]} 23. fxg6 {[%emt 0:00:01]} hxg6 {[%emt 0:00:01]} 24. Bd5 {[%emt 0:00:01]} Rc8 {[%emt 0:00:03]} 25. c4 {[%emt 0:00:01]} Rc7 {[%emt 0:00:01]} 26. Rab1 {[%emt 0:00:01]} Ng4 {[%emt 0:00:03]} 27. Rxb6 {[%emt 0:00:01]} Ne3 {[%emt 0:00:01]} 28. Rfb1 {[%emt 0:00:02]} Nxd5 {[%emt 0:00:05]} 29. exd5 {[%emt 0:00:01]} Rb8 {[%emt 0:00:00]} 30. d6 {[%emt 0:00:03]} Rxc4 {[%emt 0:00:01]} 31. Rxb7+ {[%emt 0:00:01]} Rxb7 {[%emt 0:00:01]} 32. Rxb7+ {[%emt 0:00:01]} Kf8 {[%emt 0:00:00]} 33. Rc7 {[%emt 0:00:04]} Rd4 {[%emt 0:00:02]} 34. h4 {[%emt 0:00:02]} Rxd6 {[%emt 0:00:01]} 35. c4 {[%emt 0:00:01]} Rd2 {[%emt 0:00:01]} 36. Kh2 {[%emt 0:00:00] Time (Lag: Av=0.46s, max=0.7s)} 1-0

[Event "Stay Safe Play From Home 292"]
[Site "Emanuel Lasker Arena"]
[Date "2020.07.10"]
[Round "5"]
[White "UHU4"]
[Black "Chase the sun"]
[Result "0-1"]
[WhiteElo "1440"]
[BlackElo "1830"]
[Annotator "NA RC"]
[PlyCount "54"]
[EventDate "2020.07.10"]
[EventType "swiss (blitz)"]

{Manoc a, Calota - Lerch, Martin Erik} 1. e4 {[%emt 0:00:02]} e6 {[%emt 0:00:00]} 2. d4 {[%emt 0:00:01]} d5 {[%emt 0:00:00]} 3. exd5 {[%emt 0:00:01]} exd5 {[%emt 0:00:00]} 4. Bd3 {[%emt 0:00:01]} Bd6 {[%emt 0:00:01]} 5. Nf3 {[%emt 0:00:01]} Ne7 {[%emt 0:00:02]} 6. O-O {[%emt 0:00:01]} Bg4 {[%emt 0:00:01]} 7. c3 {[%emt 0:00:02]} c5 {[%emt 0:00:01]} 8. Bg5 {[%emt 0:00:02]} O-O {[%emt 0:00:02]} 9. Bh4 {[%emt 0:00:06]} c4 {[%emt 0:00:01]} 10. Bxh7+ {[%emt 0:00:03]} Kxh7 {[%emt 0:00:01]} 11. Ng5+ {[%emt 0:00:02]} Kg6 {[%emt 0:00:05]} 12. Qxg4 {[%emt 0:00:01]} f5 {[%emt 0:00:00]} 13. Qf3 {[%emt 0:00:12]} Nd7 {[%emt 0:00:01]} 14. Ne6 {[%emt 0:00:01]} Qb6 {[%emt 0:00:04]} 15. Nxf8+ {[%emt 0:00:02]} Rxf8 {[%emt 0:00:00]} 16. Bxe7 {[%emt 0:00:03]} Bxe7 {[%emt 0:00:01]} 17. Qg3+ {[%emt 0:00:01]} Kf7 {[%emt 0:00:01]} 18. Nd2 {[%emt 0:00:02]} Kg8 {[%emt 0:00:01]} 19. Nf3 {[%emt 0:00:02]} Nf6 {[%emt 0:00:02]} 20. Ne5 {[%emt 0:00:03]} Ne4 {[%emt 0:00:00]} 21. Qg6 {[%emt 0:00:03]} Qxg6 {[%emt 0:00:01]} 22. Nxg6 {[%emt 0:00:01]} Rf6 {[%emt 0:00:00]} 23. Nxe7+ {[%emt 0:00:01]} Kf7 {[%emt 0:00:03]} 24. Nxd5 {[%emt 0:00:01]} Rd6 {[%emt 0:00:01]} 25. Ne3 {[%emt 0:00:02]} Rb6 {[%emt 0:00:01]} 26. Rab1 {[%emt 0:00:02]} a6 {[%emt 0:00:00]} 27. Nxf5 {[%emt 0:00:01]} g6 {[%emt 0:00:01] Tiempo (Lag: Av=0.54s, max=0.7s)} 0-1

[Event "Stay Safe Play From Home 292"]
[Site "Emanuel Lasker Arena"]
[Date "2020.07.10"]
[Round "6"]
[White "Broken sword"]
[Black "AChessPlayer"]
[Result "1/2-1/2"]
[WhiteElo "2510"]
[BlackElo "2392"]
[Annotator "TA"]
[PlyCount "99"]
[EventDate "2020.07.10"]
[EventType "swiss (blitz)"]

{[%evp 20,99,64,63,64,56,53,33,49,33,53,24,44,2,24,-7,43,42,57,44,52,51,143,6,39,27,46,0,0,0,62,42,250,56,249,241,228,171,208,208,204,191,230,212,212,124,106,-43,383,0,0,0,0,0,0,0,0,0,0,0,0,0,0,0,0,0,0,0,0,0,0,0,0,0,0,0,0,0,0,0,0,0]} 1. e4 c5 2. Nf3 Nc6 3. d4 cxd4 4. Nxd4 g6 5. Nc3 Bg7 6. Be3 Nf6 7. Bc4 O-O 8. Bb3 a5 9. O-O a4 10. Nxa4 Nxe4 11. Nb5 {Bb6 is the strong threat.} Ra6 {B35: Sicilian: Accelerated Dragon with 5 Nc3: main line.} 12. c4 d6 13. Re1 Nf6 {White is slightly better.} 14. h3 Bd7 {[#]} 15. Nac3 $146 ({Predecessor:} 15. Qe2 Na5 16. Bc2 d5 17. b3 dxc4 18. bxc4 Be6 19. Bb3 Nd7 20. Rac1 Nc6 21. Red1 {1-0 (93) Fedorchuk,S (2669)-Georgiadis,N (2396) Zug 2013}) 15... Na5 16. Nd4 Qc8 17. Rc1 Nxb3 18. axb3 Rd8 19. Bg5 Re8 20. Qd2 Ra5 (20... Qc5 $14) 21. Bh6 ({White should play} 21. Nd5 $16 Rxd5 22. cxd5) 21... Rc5 22. Bxg7 Kxg7 23. Ne4 Nxe4 24. Rxe4 Bc6 (24... b5 $11) 25. Ree1 (25. Rh4 $5 {[%cal Rd2h6]} h5 26. b4 $16 (26. Nxc6 bxc6 27. Re4 Qb7 $11)) 25... e5 $2 (25... Bd7 $14) 26. Ne2 $2 ({White must play} 26. b4 $18 exd4 27. Qxd4+ (27. bxc5 dxc5 28. b4 Rd8 $16) 27... Rce5 28. f4 {[%mdl 64] Pin}) 26... Rd8 $2 (26... b5 $14) 27. b4 $18 Bxg2 28. Kxg2 Rxc4 29. Rxc4 Qxc4 {[#]} 30. Rc1 $1 {[%cal Rc1c4]} Qe4+ 31. f3 Qf5 32. Nc3 (32. Rc7 $18) 32... d5 $16 33. Nxd5 ({Better is} 33. h4 $16) 33... e4 $2 {[%mdl 8192]} (33... Rxd5 $15 34. Qxd5 Qg5+ {[%mdl 64] Double Attack} 35. Kf2 Qxc1 36. Qxe5+ Kh6) 34. Rd1 $2 (34. Qd4+ $18 Kh6 35. Qe3+ Qg5+ 36. Qxg5+ Kxg5 37. fxe4) 34... Qxf3+ $11 {The position is equal.} 35. Kh2 Rxd5 36. Qxd5 {aiming for Qe5+.} Qf2+ 37. Kh1 Qf3+ {[%mdl 64] [#] Double Attack} 38. Kg1 {Threatens to win with Qe5+.} Qg3+ 39. Kf1 {Black must now prevent Qd4+.} Qf3+ $1 40. Ke1 Qe3+ 41. Kf1 Qf3+ $1 42. Kg1 Qg3+ 43. Kh1 {And now Qd4+ would win.} Qxh3+ 44. Kg1 {Hoping for Qe5+.} Qg3+ 45. Kh1 Qf3+ 46. Kh2 Qf2+ 47. Kh3 Qf3+ 48. Kh2 {Strongly threatening Qd4+.} Qf2+ 49. Kh1 Qf3+ 50. Kh2 {Accuracy: White = 58%, Black = 64%.} 1/2-1/2

[Event "Stay Safe Play From Home 292"]
[Site "Emanuel Lasker Arena"]
[Date "2020.07.10"]
[Round "6"]
[White "MarkonY"]
[Black "Lamborghini"]
[Result "0-1"]
[WhiteElo "2309"]
[BlackElo "2224"]
[Annotator "TA"]
[PlyCount "88"]
[EventDate "2020.07.10"]
[EventType "swiss (blitz)"]

{[%evp 14,87,40,27,39,3,77,66,70,53,98,36,26,-19,81,83,97,76,134,74,131,123,129,130,227,196,213,160,163,160,339,157,135,129,154,131,129,118,199,195,385,106,433,164,138,125,434,241,358,403,427,420,893,225,216,225,550,549,558,558,626,628,647,640,690,678,695,-69,89,89,2297,918,861,422,364,-29999]} 1. d4 Nf6 2. c4 g6 3. Nf3 Bg7 4. Nc3 O-O 5. e4 d6 6. Be2 Bg4 7. O-O Bxf3 8. Bxf3 {e5 is the strong threat.} Nfd7 {E91: King's Indian: Classical: 6 Be2, unusual replies including 6...c5 and 6...Bg4.} 9. Re1 c5 {[#]} (9... Nc6 $11) 10. d5 $146 ({Predecessor:} 10. e5 Nc6 11. exd6 exd6 12. Bxc6 bxc6 13. d5 cxd5 14. Nxd5 Ne5 15. Qc2 f5 16. f4 {0-1 (50) Strate,W (1790)-Chinoune,K (1946) Sainte Marie 2005}) 10... a6 {White is slightly better.} 11. h3 Nb6 12. Qd3 ({Better is} 12. Qb3 $16) 12... N8d7 $14 13. Be2 Nc8 (13... Ne5 $11 {keeps the balance.} 14. Qg3 Nexc4) 14. f4 Rb8 15. a4 Na7 (15... e6 $142) 16. a5 (16. Be3 $142) 16... Nc8 (16... e6 $142) 17. Bg4 Bd4+ 18. Be3 Nf6 (18... b6 $16 {was called for.}) 19. Bxd4 $18 cxd4 20. Qxd4 Nxg4 21. hxg4 b5 $2 (21... b6 $16 22. b3 bxa5) 22. c5 (22. cxb5 $18 {and the rest is easy.} axb5 23. b4) 22... dxc5 $16 23. Qxc5 Nd6 24. b3 Rc8 25. Qd4 Qd7 (25... Nb7 $16) 26. e5 $18 Nb7 $2 {[#]} (26... b4 {might work better.}) 27. g5 $2 (27. d6 $1 $18 {[%mdl 512] has better winning chances.}) 27... Qf5 $2 {[%mdl 8192]} (27... Nc5 $16 {is more resistant.}) 28. Ne2 $2 (28. d6 Rxc3 29. dxe7) 28... Nc5 29. Qe3 Nd3 $2 {[%mdl 8192]} (29... Qe4 $16 {is tougher.} 30. Qxe4 Nxe4) 30. Red1 (30. Nd4 $142 Qxf4 31. Qxd3) 30... Nc5 (30... Nb4 $142) 31. Nd4 Qg4 32. Nc6 Rfe8 (32... Rxc6 $142 33. dxc6 Ne6) 33. Qf3 $2 (33. Qxc5 Qd7 34. Rac1) 33... Qxf3 34. gxf3 {Hoping for Rac1.} Nxb3 $2 (34... Kf8 35. b4 Ne6) 35. Rab1 Nxa5 36. Nxa5 Rc3 37. Kf2 Rc2+ 38. Kg3 h5 39. Nc6 e6 40. d6 $2 (40. Nd4 $18 Rc7 41. d6) 40... h4+ $2 (40... Rxc6 $15 {stays ahead.} 41. Rd3 Kf8) 41. Kg4 Kg7 $2 {[%mdl 8192]} (41... Rxc6 $16 42. Rh1 (42. Kxh4 Rb6 $14) 42... Kg7) 42. Ne7 (42. Rbc1 $142 Rg2+ 43. Kh3 Rg3+ 44. Kxh4) 42... h3 43. d7 (43. Rbc1 $142 Ra2 44. d7) 43... Rh8 {[%cal Rc2g2]} 44. d8=Q $4 {[%mdl 8192]} (44. f5 $18 gxf5+ 45. Kg3 f4+ 46. Kxf4) 44... Rg2# {Accuracy: White = 37%, Black = 24%.} 0-1

[Event "Stay Safe Play From Home 292"]
[Site "Emanuel Lasker Arena"]
[Date "2020.07.10"]
[Round "6"]
[White "SoulofWolf"]
[Black "Mepe_Nika"]
[Result "0-1"]
[WhiteElo "2267"]
[BlackElo "2356"]
[Annotator "TA"]
[PlyCount "134"]
[EventDate "2020.07.10"]
[EventType "swiss (blitz)"]

{[%evp 12,133,-8,-43,0,-96,-89,-89,-93,-98,-88,-85,-51,-44,-53,-52,7,10,0,-18,-20,-74,-40,-118,-33,-68,0,-35,9,-102,-100,-77,0,0,14,12,15,0,18,0,124,131,180,114,113,108,157,85,107,-19,421,105,402,0,117,-256,-258,-224,-239,-393,-337,-320,-335,-375,-299,-443,-439,-418,-430,-711,-549,-1108,-811,-12831,-12832,-12831,-6644,-12833,-12833,-12834,-6624,-12835,-12836,-12837,-12837,-12838,-12838,-12839,-12838,-12839,-12839,-12838,0,-12846,-12847,-12849,-12848,-29993,-29994,-29994,-12850,-12850,-12849,-12851,-27999,-27999,-27999,-27999,-27999,-27999,-27999,-27999,-27999,-27999,-27999,-27999,-27999,-27999,-27999,-27999,-27998,-27999,-27999,-27999]} 1. c4 c6 2. Nc3 d5 3. Nf3 Nf6 4. cxd5 cxd5 5. d4 Nc6 6. Bg5 Ne4 $1 {The main line 6...Ne4 scores better than 6...e6.} 7. Bh4 Qb6 {D13: Slav Defence: Exchange variation without ...Bf5.} 8. Qb3 (8. e3 $11) 8... Qxb3 $17 9. axb3 e6 $1 {Black is better.} 10. Rc1 Bb4 11. e3 O-O 12. Bd3 {[#]} Bd7 $146 ({Predecessor:} 12... Na5 13. Bxe4 Nxb3 14. Bxh7+ Kxh7 15. Rc2 Bd7 16. O-O Rac8 17. Ne5 Bb5 18. Rd1 Ba4 {0-1 (25) Gomes,J (1856)-Andrade,R (2205) Recife 2014}) 13. O-O Nxc3 (13... f5 $15) 14. bxc3 $11 Bd6 15. b4 a5 16. b5 (16. bxa5 $11 Nxa5 17. Bg3 Bxg3 18. fxg3) 16... Ne7 17. Rb1 (17. Ne5 $15 Be8 18. Bg3) 17... b6 (17... Nf5 $17 18. Bxf5 exf5) 18. e4 {And now e5 would win.} dxe4 (18... f6 $15 19. e5 Bb8) 19. Bxe4 (19. Bxe7 $5 Bxe7 20. Bxe4 $11) 19... Rac8 20. Rfc1 (20. Bxe7 $11 Bxe7 21. Ne5) 20... Nd5 $1 $17 {[%cal Rd5c3]} 21. c4 {[#]} Nf4 (21... Bf4 $1 $17 {[%cal Rf4c1]} 22. Rc2 Nb4) 22. Kf1 $11 h6 23. Bg3 {c5! is the strong threat.} g5 24. h4 Ba3 25. Rc3 ({Don't play} 25. hxg5 Bxc1 26. Rxc1 hxg5 $17) 25... Be7 (25... Bb4 $11 {remains equal.} 26. Rc2 f6) 26. Ne5 $36 {[%mdl 2048] Black is under strong pressure.} Rc7 {[#]} 27. Bc6 (27. c5 $1 $18 {[%mdl 512]}) 27... Bxc6 28. Nxc6 Bf6 29. Rbc1 ({Better is} 29. hxg5 hxg5 30. Rf3) 29... Rfc8 30. R3c2 (30. Rd1 $16) 30... Nd3 $2 {[%mdl 8192]} (30... Rxc6 $1 $11 31. bxc6 Bxd4) 31. Rd1 $2 (31. Bxc7 $18 {has better winning chances.} Rxc7 32. Rd1) 31... Nb4 $2 {[%mdl 8192]} (31... Nf4 $16 {was necessary.}) 32. Rcd2 $2 (32. Bxc7 $18 Rxc7 33. Nxb4 axb4 34. c5) 32... Nxc6 (32... Rd7 $11) 33. bxc6 $4 {[%mdl 8192]} (33. Bxc7 $16 {is necessary to keep the advantage.} Rxc7 34. bxc6 Rxc6 35. hxg5 hxg5 36. Rc2) 33... Rxc6 $19 {Black continues to play with concentration.} 34. hxg5 hxg5 35. f4 $2 (35. c5) 35... Rxc4 36. fxg5 Bxg5 37. Rd3 Rc3 38. Bf2 (38. d5 $142) 38... Rxd3 39. Rxd3 {[%mdl 4096] Endgame KRB-KRB} b5 {[%cal Bb6b5,Bb5b4,Bb4b3][%mdl 32]} 40. Ke2 (40. d5 $142 Kf8 41. dxe6) 40... b4 41. Kd1 Rc3 42. Ke2 Rxd3 43. Kxd3 {KB-KB} a4 44. Kc2 b3+ 45. Kb2 Be7 46. Be3 Bb4 47. g3 Kg7 48. g4 Kg6 49. Bf4 f5 50. g5 Kh5 51. Bc1 Kg6 $2 ({Black should try} 51... Bd6 $19 52. g6 Kxg6) 52. d5 $2 {[%mdl 8192]} (52. Bf4 $11 Be7 53. Bc7) 52... exd5 53. Kb1 d4 54. Bd2 Bxd2 55. Kb2 Bxg5 (55... Bb4 $142 56. Kc1 a3 57. Kd1 d3 58. Kc1 Kxg5 59. Kb1 d2 60. Ka1 d1=Q#) 56. Ka3 d3 {( -> ...d2)} 57. Kxa4 d2 58. Kxb3 {Black mates.} d1=Q+ 59. Kc3 Qd6 60. Kc4 f4 61. Kb5 f3 62. Kc4 f2 63. Kb5 f1=Q+ 64. Ka4 Qf5 65. Kb3 Qfc5 66. Kb2 Qdb6+ 67. Ka2 Qca5# {Accuracy: White = 30%, Black = 53%.} 0-1

[Event "Stay Safe Play From Home 292"]
[Site "Emanuel Lasker Arena"]
[Date "2020.07.10"]
[Round "6"]
[White "Haxhi Baha"]
[Black "Little champs"]
[Result "1-0"]
[WhiteElo "1978"]
[BlackElo "2287"]
[Annotator "TA"]
[PlyCount "75"]
[EventDate "2020.07.10"]
[EventType "swiss (blitz)"]

{[%evp 9,74,13,40,12,25,19,39,-2,0,-12,-1,-45,-29,-43,-33,-62,-35,-77,-12,-98,-64,-170,-138,-93,-31,-65,0,0,37,31,214,200,588,622,597,605,465,225,215,238,1171,720,690,243,1083,1105,29991,29992,29993,29994,29995,29995,29995,29992,29992,29992,29992,29992,29992,29993,29997,29993,29997,29998,29998,29999,29999]} 1. e4 c6 2. Nf3 d5 3. Nc3 dxe4 4. Nxe4 Nf6 5. Nc3 g6 6. Bc4 {B11: Caro-Kann: Two Knights Variation.} Bg7 7. d4 O-O 8. Be3 {[#] White is slightly better.} b5 $146 {[%cal Bb7b5,Bb5b4][%mdl 32]} ({Predecessor:} 8... Nbd7 9. Qd2 Nb6 10. Bb3 Nbd5 11. O-O-O Bg4 12. h3 Bxf3 13. gxf3 Nxc3 14. Qxc3 Nd5 {0-1 (27) Mostafa,R (1223)-Becker,H (1626) Germany 2005}) 9. Bb3 a5 {White must now prevent ...a4.} 10. a4 b4 11. Ne2 Ba6 12. h3 Nd5 13. Qd2 Nd7 (13... Nxe3 $17 14. Qxe3 e6) 14. O-O-O (14. Bh6 $1 $11) 14... N7f6 15. h4 (15. Ng3 $15) 15... Ne4 16. Qe1 h5 (16... Nxe3 $17 17. fxe3 Bxe2 {[%mdl 64] Overworked Piece} 18. Qxe2 Ng3 {[%mdl 64] Double Attack}) 17. g4 hxg4 ({Black should play} 17... Qc8 $15 18. gxh5 Qg4) 18. Ng5 $11 Nxe3 19. fxe3 Nxg5 $2 {Now Black is done in.} (19... Nf6 $1 $14) 20. hxg5 $18 {Qh4 is the strong threat.} e6 $2 (20... Bxe2 21. Qxe2 Re8) 21. Qh4 {[%csl Gh1][%cal Rh4h7]} Re8 22. Nf4 Kf8 23. Rdg1 (23. Qxg4 $142 {And now Nxg6+! would win.} Qb8 24. Rh7) 23... Ke7 24. Qxg4 Rh8 $2 (24... Qd6 25. Rh7 Rg8) 25. Rxh8 Qxh8 {[#]} 26. Bxe6 $2 (26. Nxg6+ $1 {[%mdl 512]} fxg6 27. Qxe6+ {[%mdl 64] Double Attack} Kd8 28. Qxc6) 26... Bxd4 $2 (26... Bc8) 27. exd4 Qxd4 {[#]} 28. Nxg6+ $1 {[%mdl 576] Discovered Attack. White mates.} fxg6 29. Qxd4 Kxe6 30. Qf6+ Kd7 31. Rd1+ Kc7 32. Qe7+ Kb6 33. Qe3+ Kc7 34. Qe5+ Kb7 35. Qxa5 Re8 36. Rd7+ Kb8 37. Qb6+ Kc8 38. Qc7# {Accuracy: White = 26%, Black = 26%.} 1-0